| 000 | 01905nam a2200361 i 4500 | ||
|---|---|---|---|
| 001 | 000022438 | ||
| 003 | DO-SdBNP | ||
| 005 | 20241118085918.0 | ||
| 007 | ta | ||
| 008 | 101011s1995 dr 001 0 spa d | ||
| 040 |
_aDO-SdBNP _bspa _cBNPHU _erda |
||
| 082 | 4 |
_a327.729307294 _bM971r _222 |
|
| 100 | 1 |
_aMuñoz, María Elena, _eautor _4aut. _97664 |
|
| 245 | 1 | 4 |
_aLas relaciones dominico-haitianas : _bgeopolítica y migración / _cMaría Elena Muñoz ; corrección, Rafael Depratt y Avelino Stanley |
| 264 |
_aSanto Domingo : _bEditora Alfa & Omega, _c1995. |
||
| 300 |
_a297 páginas ; _c21 cm. |
||
| 336 |
_atexto _btxt _2rdacontent |
||
| 337 |
_asin mediación _bn _2rdamedia |
||
| 338 |
_avolumen _bnc _2rdacarrier |
||
| 500 | _aIncluye datos biográficos de la autor en las solapas. | ||
| 504 | _aBibliografía : páginas 219-226. | ||
| 505 | 0 |
_aIntroducción-- _tPriemra parte-- _tLas premisas políticas de la migración haitiana-- _tSegunda parte-- _tLas causas de la migración haitiana -- _tTercera parte-- _t Las variables del subdesarrollo y la dependencia en la República Dominicana -- _tCuarta parte-- _tGeopolítica y migración -- _tQuinta parte--- _tLos efectos de la inmigración haitiana -- _tConclusiones-- _tBibliografía-- _tListado de anexos. |
|
| 590 | _aInventariado, 2018/BT | ||
| 651 | 4 |
_aRepública Dominicana _xRelaciones exteriores _zHaití _92233 |
|
| 651 | 4 |
_aHaití _xRelaciones exteriores _zRepública Dominicana _92234 |
|
| 651 | 4 |
_aRepública Dominicana _xEmigración e inmigración _xAspectos económicos _99359 |
|
| 651 | 4 |
_aRepública Dominicana _xEmigración e inmigración _xAspectos sociales _99361 |
|
| 651 | 4 |
_aPrejuicios y antipatías _zRepública Dominicana _xHistoria _946252 |
|
| 700 | 1 |
_aDepratt, Rafael, _ecorrección _4corr. _986815 |
|
| 700 | 1 |
_aStanley, Avelino. _ecorrección _4corr. _981556 |
|
| 910 | _aValidado. Control de calidad. EMS | ||
| 942 |
_2ddc _cLBS1 |
||
| 999 |
_c21936 _d21936 |
||